| 000 | 00552nam a22001697a 4500 | ||
|---|---|---|---|
| 005 | 20251108165417.0 | ||
| 008 | 250721s1986 xx 000 0 ara d | ||
| 082 | 1 | 4 | _a943.086/دون |
| 100 | 1 |
_aعبد الله، جورج _eترجمة |
|
| 245 | 1 | 0 | _aمذكرات أمير البحر دونيتز / |
| 264 | 1 |
_aبيروت : _bالدار العربية للدراسات و النشر، _c1986. |
|
| 300 | _a351ص | ||
| 650 | 1 | 7 | _aألمانيا |
| 650 | 1 | 7 | _aالحرب العالمية الثانية 1939-1945 |
| 942 |
_2ddc _cBK |
||
| 999 |
_c27241 _d27241 |
||